Specialized searching and the hostile use of allomones by a parasitoid whose host, the butterfliy Maculinea rebeli, inhabits ant nests (Registro nro. 13705)

Detalles MARC
000 -CABECERA
Campo de control 004050000a22001210004500
090 ## - CLASIFICACIÓN LOCAL
Colección AR
Consecutivo 04605
041 0# - IDIOMA
Código de idioma para texto/pista de sonido o título separado
100 1# - ASIENTO PRINCIPAL--NOMBRE PERSONAL
Nombre personal Thomas, J. A.
245 10 - MENCION DE TITULO
Título Specialized searching and the hostile use of allomones by a parasitoid whose host, the butterfliy Maculinea rebeli, inhabits ant nests
700 1# - ASIENTO SECUNDARIO - NOMBRE PERSONAL
Nombre personal Elmes, G. W.
773 1# - Item fuente:
Título Anim. Behav.
Paginas del Articulo 593-602 p.
Lugar, editorial y fecha de publicación 1993
Información sobre la relación 45
942 ## - ELEMENTOS ADICIONALES (KOHA)
Tipo de ítem Artículo
Existencias
Withdrawn status Lost status Damaged status No para préstamo Colección Ubicación Permanente Ubicación actual Fecha de adquisición Fuente de Valor Datos de publicación Seriada Total Checkouts Número topográfico Inventario / Código de Barras Date last seen Ejemplar Price effective from Forma de adquisición Tipo de material
      No para Préstamo Hemeroteca Bogotá Bogotá 12/03/2010 Escobar Sarria, Federico Fuera de circulación   AR 04605 027957 25/03/2015 1 25/03/2015   Artículo